| 000 | 00339nam a2200121Ia 4500 | ||
|---|---|---|---|
| 008 | 230907s9999||||xx |||||||||||||| ||und|| | ||
| 082 | _a660.283,EGG | ||
| 100 |
_aEggins, Brian R. _981503 |
||
| 245 | 0 | _aChemical sensors and biosensors / | |
| 260 |
_aJ. Wiley, _bChichester ; | Hoboken, NJ : _c2002 |
||
| 300 | _axxi, 273 p. : | ||
| 942 | _cBK | ||
| 999 |
_c597633 _d597633 |
||